Hồng nghĩa giác tư y thư
Guardado en:
| Autor principal: | |
|---|---|
| Formato: | Libro |
| Lenguaje: | Undetermined |
| Publicado: |
Hà Nội
Y học
1978
|
| Materias: | |
| Etiquetas: |
Agregar Etiqueta
Sin Etiquetas, Sea el primero en etiquetar este registro!
|
| Thư viện lưu trữ: | Trung tâm Học liệu Trường Đại học Cần Thơ |
|---|
| LEADER | 00447nam a2200169Ia 4500 | ||
|---|---|---|---|
| 001 | CTU_8153 | ||
| 008 | 210402s9999 xx 000 0 und d | ||
| 082 | |a 615.882 | ||
| 082 | |b T507 | ||
| 100 | |a Tuệ Tĩnh | ||
| 245 | 0 | |a Hồng nghĩa giác tư y thư | |
| 245 | 0 | |c Tuệ Tĩnh | |
| 260 | |a Hà Nội | ||
| 260 | |b Y học | ||
| 260 | |c 1978 | ||
| 650 | |a folk medicine | ||
| 980 | |a Trung tâm Học liệu Trường Đại học Cần Thơ | ||